|
|
|
|
| LEADER |
00000cam a2200000 a 4500 |
| 001 |
vtls001125003 |
| 003 |
SK-MaSNL |
| 005 |
20260301001734.0 |
| 008 |
240611s1995 xo er 0000m slo |
| 015 |
|
|
|a SNBA1996/0300843
|
| 020 |
|
|
|a 8096711539
|
| 035 |
|
|
|a SNK000067849
|
| 040 |
|
|
|a SNK
|b slo
|c SNK
|e AACR2
|
| 041 |
0 |
|
|a slo
|
| 044 |
|
|
|a xo
|c SK
|
| 080 |
|
|
|a 885.4-92
|2 1981
|
| 100 |
1 |
|
|a Cabadaj, Peter,
|d 1966-
|4 aut
|9 98153
|
| 245 |
1 |
0 |
|a Kam sme sa to v Terchovej dobudovali?
|b (výber z článkov Petra Cabadaja v novinách Terchová 1992-1994)
|
| 260 |
|
|
|a Terchová
|b Miestne kultúrne stredisko
|c 1995
|
| 300 |
|
|
|a 51 s.
|c 20 cm
|
| 600 |
1 |
7 |
|a Cabadaj, Peter,
|d 1966-
|2 SNKMA
|9 98153
|
| 630 |
0 |
7 |
|a Terchová (noviny)
|2 SNKPH
|9 280406
|
| 651 |
|
7 |
|a Terchová (Slovensko)
|2 SNKPHgeo
|9 68835
|
| 655 |
|
7 |
|a úvahy
|2 SNKPH
|9 29403
|
| 655 |
|
7 |
|a články
|2 SNKPH
|9 70601
|
| 655 |
|
7 |
|a výbery
|2 SNKPH
|9 67620
|
| 700 |
1 |
|
|a Choma, Pavel,
|d 1950-
|4 bjd
|9 103914
|
| 852 |
|
|
|a Slovenská národná knižnica
|
| 919 |
|
|
|a 80-967115-3-9
|
| 954 |
|
|
|a beletria pôvodná (slovenská)
|2 lita
|
| 958 |
|
|
|a TL
|
| 999 |
|
|
|c 535608
|d 537538
|
| 952 |
|
|
|t P60, <09>, [BOOK], {629}
|a SNK
|b SNK
|y NEVYP
|7 0
|o snkC 177
|i snk340/960118
|0 0
|1 0
|4 0
|d 1996-01-17
|l 0
|r 2004-12-31 00:00:00
|w 2026-02-23
|
| 952 |
|
|
|t P60, <04>, [BOOK], {604}
|a SNK
|b SNK
|y VYP
|7 0
|p 17A0004472
|o snkSD 67576 D1
|i snkKSP 00801/96
|0 0
|1 0
|4 0
|d 1996-01-17
|l 0
|r 2004-12-31 00:00:00
|w 2026-02-23
|
| 952 |
|
|
|t P60, <03>, [BOOK], {603}
|a SNK
|b SNK
|y PREZ
|7 0
|p 17A0002766
|o snkSD 67576
|i snkKSP 00800/96
|0 0
|1 0
|4 0
|d 1996-01-17
|l 0
|r 2004-12-31 00:00:00
|w 2026-02-23
|